000 00913nam a2200265 a 4500
001 BRCA_5237
005 20190320205010.0
008 291110s1938----u--a######---#000-0#eng-#
041 _aeng
044 _au
050 4 _aND812
_b.S84 1938
100 1 _aStirling Maxwell, William
_d1818-1878
_913416
245 1 0 _aStories of the spanish artists until Goya
_cby Sir William Stirling Maxwell ; selected and arranged by Luis Carreño.
260 _aEstados Unidos
_bTudor
_c1938
300 _axxiv, 309 p.
_bil. (algunas a color), 30 láminas
_c21 cm.
500 _aIncluye índice de ilustraciones, lista de obras de pintores españoles e índice onomástico
500 _aE59
650 1 4 _aPintores españoles
_97620
650 1 4 _aPintura
_zEspaña
_92581
650 1 4 _aPinturas españolas
_97789
650 1 4 _aPintura
_xHistoria
_913417
700 1 _aCarreño, Luis
_913418
902 _aGFM
942 _2lcc
_cB
999 _c4931
_d4931